| 000 | 00511nam a22001697a 4500 | ||
|---|---|---|---|
| 003 | BD-DhUL | ||
| 005 | 20170516085718.0 | ||
| 008 | 170516s2001 bg ||||| |||| 00| 0 eng | ||
| 040 |
_aBD-DhUL _cBD-DhUL |
||
| 082 |
_a954.92 _bHUB |
||
| 100 | 1 | _aHussain, Syed Mokbul | |
| 245 | 1 | 0 |
_aBangladesh 1975-1981 : _btransition from autocracy to multi party democracy / |
| 260 |
_aDhaka : _bMeem printers, _c2001. |
||
| 300 |
_axi, 284 p. : _bill. ; _c 22 cm. |
||
| 651 | 0 | _aBangladesh - History | |
| 942 |
_2ddc _cBK |
||
| 999 |
_c197330 _d197330 |
||